Examination for landscape architects : landscape architecture, parts I, II, III, and IV /

Saved in:
Bibliographic Details
Corporate Author: University of the State of New York.
Format: Book
Language:English
Published: [Albany, N.Y.?] : The University, 1962.
Subjects:
Tags: Add Tag
No Tags, Be the first to tag this record!
LEADER 00669nam a22001697u 4500
001 000000418-9
005 20020606090541.3
008 830127|1962 ||||||| |||| |0||||eng|d
035 0 |a ocm81093288 
245 0 0 |a Examination for landscape architects :  |b landscape architecture, parts I, II, III, and IV /  |c University of the State of New York. 
260 0 |a [Albany, N.Y.?] :  |b The University,  |c 1962. 
300 |a [8] p. :  |b plans ;  |c 66 x 106 cm. folded to 18 x 26 cm. 
500 |a Examination given March 27 through March 30, 1962. 
650 0 |a Landscape architecture  |z New York (State)  |x Examinations. 
710 2 |a University of the State of New York. 
988 |a 20020608 
906 |0 MH